Introduction to Computer Systems: From Bits and Gates to C and Beyond (Record no. 4783)

MARC details
005 - DATE AND TIME OF LATEST TRANSACTION
control field 20250624090915.0
020 ## - INTERNATIONAL STANDARD BOOK NUMBER
International Standard Book Number 0-07-246750-9
082 ## - DEWEY DECIMAL CLASSIFICATION NUMBER
Classification number 004 PAT
100 ## - MAIN ENTRY--PERSONAL NAME
Author name PATT, N, Y
245 ## - TITLE STATEMENT
Title Introduction to Computer Systems: From Bits and Gates to C and Beyond
250 ## - EDITION STATEMENT
Edition statement 2nd Ed.
260 ## - PUBLICATION, DISTRIBUTION, ETC.
Place of publication, distribution, etc. Boston
Name of publisher, distributor, etc. McGraw-Hill Higher Education
Date of publication, distribution, etc. 2004.
300 ## - PHYSICAL DESCRIPTION
Extent xv,632p.: ill.; figures
Other physical details Index
Dimensions 23cm
700 ## - ADDED ENTRY--PERSONAL NAME
Other authors/Editors Sanjay J. Patel
942 ## - ADDED ENTRY ELEMENTS (KOHA)
Source of classification or shelving scheme Dewey Decimal Classification
Koha item type Books
Holdings
Date last seen Total checkouts Full call number Barcode Price effective from Koha item type Lost status Source of classification or shelving scheme Damaged status Not for loan Withdrawn status Home library Current library Shelving location Date acquired Source of acquisition Cost, normal purchase price
06/24/2025   621.382 BAT MZA0001851 06/24/2025 Books   Dewey Decimal Classification       CBE Mwanza CBE Mwanza General Collection 07/09/2007 Library Budget 42000.00
06/24/2025   621.382 BAT MZA0001852 06/24/2025 Books   Dewey Decimal Classification       CBE Mwanza CBE Mwanza General Collection 07/09/2007 Library Budget 42000.00
06/24/2025   621.382 BAT MZA0001853 06/24/2025 Books   Dewey Decimal Classification       CBE Mwanza CBE Mwanza General Collection 07/09/2007 Library Budget 42000.00